000
00283nam a22001337a 4500
003
SGT
020
_a
81-765-752-3
082
_a
004
_b
C18S
100
_a
SINHA, PRADEEP K.
245
_a
COMPUTER FUNDAMENTALS
260
_a
INDIA
_b
BPB
_c
2018
300
_a
490
942
_2
ddc
_c
BK
_0
52
999
_c
15464
_d
15464